Literature, Education, and Society : Bridging the Gap /

Uložené v:
Podrobná bibliografia
Hlavný autor: Altieri, Charles F. (Autor)
Médium: Kniha
Jazyk:English
Vydavateľské údaje: New York : Routledge, 2023
Abingdon, Oxon :
Vydanie:1. vydanie
Edícia:Routledge Focus
Predmet:
Tagy: Pridať tag
Žiadne tagy, Buďte prvý, kto otaguje tento záznam!

MARC

LEADER 00000nam a22000003a 4500
001 0101509
003 SK-STU
005 20230424155619.4
007 ta
008 230424s ----xo-----e------000-0-----d
020 |a 978-1-032-39316-2 
040 |a STU  |b slo 
041 0 |a eng 
044 |a xxu  |a xxk 
100 1 |a Altieri, Charles F.  |4 aut 
245 1 0 |a Literature, Education, and Society :  |b Bridging the Gap /  |c aut. Charles F. Altieri 
250 |a 1. vydanie 
260 |a New York :  |b Routledge, 
260 |a Abingdon, Oxon :  |b Routledge,  |c 2023 
300 |a 84 s. 
490 0 |a Routledge Focus 
650 0 7 |a Platon 
650 0 7 |a umenie 
650 0 7 |a literatúra 
650 0 7 |a výchova a vzdelávanie 
650 0 7 |a spoločnosť 
996 |b 284AU09618  |c A* 12980/U  |l AAKNST  |s P  |a 0  |w 0101509_0001